000 00811nam a2200205Ia 4500
001 742
003 GE_BSU
008 181216s||||||||xx |||||||||||||| ||und||
040 _cGE_BSU
080 _a327.5:33
100 _aჯიბუტი, მიხეილ
245 _aაფხაზეთში (საქართველო) კონფლიქტის გადაწყვეტის ხელშეწყობა ეკონომიკური ფაქტორების გამოყენებით
245 _cრედ. ავთანდილ სილაგაძე
260 _aთბილისი
260 _c2005
300 _a88 გვ.
541 _h3 ლ.
653 _aქართულ-აფხაზური კონფლიქტი
942 _cBK
999 _c34915
_d34915